NCAA Institutions in Texas - Statistics

General Stats
  • This quiz has been taken 25 times
  • The average score is 26 of 53
Answer Stats
Conference School Team Name % Correct
Division I SEC Texas A&M Aggies
100%
Division I SEC Texas-Austin Longhorns
100%
Division I Sun Belt Texas State Bobcats
100%
Division I Big 12 Houston Cougars
95%
Division I Big 12 Texas Tech Red Raiders
95%
Division I Big 12 Baylor Bears
90%
Division I The American North Texas Mean Green
90%
Division I The American Rice Owls
90%
Division I Big 12 Texas Christian Horned Frogs
90%
Division I C-USA Texas-El Paso Miners
90%
Division I The American Texas-San Antonio Roadrunners
90%
Division I ACC Southern Methodist Mustangs
85%
Division I C-USA Sam Houston State Bearkats
75%
Division I Southland Stephen F. Austin State Lumberjacks
70%
Division I WAC Abilene Christian Wildcats
60%
Division I WAC Texas-Arlington Mavericks
60%
Division I SWAC Texas Southern Tigers
60%
Division III SCAC Dallas Crusaders
55%
Division I WAC Tarleton State Texans
55%
Division I Southland Texas A&M-Corpus Christi Islanders
55%
Division I Southland Texas-Rio Grande Valley Vaqueros
55%
Division I SWAC Prairie View A&M Panthers
50%
Division I Southland Houston Christian Huskies
45%
Division I Southland Incarnate Word Cardinals
45%
Division I Southland Lamar Cardinals
45%
Division I Southland Texas A&M-Commerce Lions
45%
Division II Lone Star Texas-Dallas Comets
45%
Division II Lone Star West Texas A&M Buffaloes
45%
Division III SCAC Austin College 'Roos
40%
Division II Lone Star Texas-Tyler Patriots
40%
Division II Lone Star Angelo State Rams
35%
Division II Lone Star Dallas Baptist Patriots
35%
Division III American Southwest Mary Hardin-Baylor Crusaders
35%
Division II Lone Star Texas-Permian Basin Falcons
35%
Division II Lone Star Texas A&M-Kingsville Javelinas
30%
Division III SCAC Texas Lutheran Bulldogs
30%
Division III American Southwest Hardin-Simmons Cowboys
25%
Division II Lone Star St. Edward's Hilltoppers
25%
Division II Lone Star St. Mary's Rattlers
25%
Division II Lone Star Texas A&M International Dustdevils
25%
Division III American Southwest East Texas Baptist Tigers
20%
Division II Lone Star Lubbock Christian Chaparrals
20%
Division II Lone Star Sul Ross State Lobos
20%
Division II Lone Star Texas Woman's Pioneers
20%
Division III SCAC Trinity Tigers
20%
Division III SCAC Concordia-Texas Tornados
15%
Division III American Southwest Howard Payne Yellow Jackets
15%
Division II Lone Star Midwestern State Mustangs
15%
Division III SCAC Schreiner Mountaineers
15%
Division III SCAC Southwestern Pirates
15%
Division III American Southwest LeTourneau Yellow Jackets
10%
Division III SCAC McMurry War Hawks
10%
Division III SCAC St. Thomas Celts
10%
No matching quizzes found
Score Distribution
Percent of People with Each Score
Percentile by Number Answered
Your Score History
You have not taken this quiz